"Stan" Countries in Any Language - Statistics

General Stats
  • This quiz has been taken 63 times
  • The average score is 15 of 20
Answer Stats
Language "-stan" name Country % Correct
Turkish Moğolistan Mongolia
95%
Armenian Ṙusastan Russia
95%
Turkish Suudi Arabistan Saudi Arabia
92%
Turkish Sırbistan Serbia
90%
Armenian Čʿinastan China
82%
Armenian Hndkastan India
82%
English Pakistan
82%
English Kazakhstan
80%
English Kyrgyzstan
80%
English Tajikistan
80%
English Turkmenistan
80%
English Afghanistan
79%
English Uzbekistan
79%
Azerbaijani Bolqarıstan Bulgaria
77%
Turkish Hırvatistan Croatia
75%
Armenian Hayastan Armenia
61%
Azerbaijani Macarıstan Hungary
57%
Turkish Yunanistan Greece
54%
Azerbaijani Gürcüstan Georgia
48%
Armenian Lehastan Poland
33%
No matching quizzes found
Score Distribution
Percent of People with Each Score
Percentile by Number Answered
Your Score History
You have not taken this quiz